Loading...
Vaidekvijnanonmesh/
| Main Author: | |
|---|---|
| Format: | Printed Book |
| Published: |
Jaipur:
Rajasthan People's Publishing House,
1997.
|
| Subjects: |
| LEADER | 00538nam a22001451a 4500 | ||
|---|---|---|---|
| 082 | |a S 181.48 |b PRA/V | ||
| 100 | |a Prahdhumankumar Sharma |9 168280 | ||
| 245 | |a Vaidekvijnanonmesh/ |c by Prahdhumankumar Sharma | ||
| 260 | |a Jaipur: |b Rajasthan People's Publishing House, |c 1997. | ||
| 300 | |a 221p. | ||
| 650 | |a Philosophy Vedanta |9 168281 | ||
| 650 | |a Philosophy |9 168282 | ||
| 942 | |c BK | ||
| 999 | |c 48703 |d 48703 | ||
| 952 | |0 0 |1 0 |4 0 |6 S_181_480000000000000_PRA_V |7 0 |9 70510 |a SSUS |b SSUS |d 2015-01-08 |g 100.00 |o S 181.48 PRA/V |p 037126 |r 2015-01-08 |v 0.00 |w 2015-01-08 |y BK | ||